000 00757nam a2200217Ii 4500
003 JO-AjNU
008 230605s9999||||xx |||||||||||||| ||und||
017 _a1997/5/541
040 _aJO-AjNU
_bara
_erda
_cJO-AjNU
041 _aara
050 1 4 _aK1315.4.R95.1997
100 3 _a عمرو، فيروز سامي ,
_eauthor
_947192
245 0 0 _aشركة الشخص الواحد " دراسة قانونية مقارنة "
250 _aط1
264 3 1 _aعمان : دار البشير ، 1997
300 _a450ص
336 _atext
_btxt
_2rdacontent
337 _aunmediated
_bn
_2rdamedia
338 _avolume
_bnc
_2rdacarrier
650 4 _aشركات الشخص الواحد -- العلوم الاجتماعية -- قانون الشركات
_947193
999 _aA20584
_c24152
_d24152